Paľo medzičasom sólovo

Bibliographic Details
Main Authors: Habera, Pavol, 1962- (Author), Pospíšilová, Iveta (Author)
Format: Article
Language:Slovak
PhysicalDescription:Fot. 1.
Subjects:

MARC

LEADER 00000nab a2200000 a 4500
001 vtls000416820
003 SK-MaSNL
005 20260303215235.0
008 160215c1991 xo 0 slo
015 |a SNBRB19rr/mm-uuuuu 
035 |a CL0416945 
040 |a SNKBUCL  |b slo  |c SNKBUCL  |e AACR2 
041 0 |a slo 
044 |a xo  |c SK 
080 |a 78.071.2:784.66  |2 1981 
080 |a 784.66  |2 1981 
080 |a 929 Habera Pavol  |2 1981 
100 1 |a Habera, Pavol,  |d 1962-  |4 aut  |9 98859 
245 1 0 |a Paľo medzičasom sólovo  |c Paľo Habera, Iveta Pospíšilová ; Pavol Habera 
300 |b Fot. 1. 
600 1 7 |a Habera, Pavol,  |d 1962-  |2 snkbucl  |9 98859 
655 7 |a články z novín a časopisov  |2 snkbucl  |9 267496 
700 1 |a Pospíšilová, Iveta  |4 aut  |9 657443 
700 1 |a Habera, Pavol,  |d 1962-  |4 aut  |9 98859 
773 0 |t Populár  |g Roč. 23, č. 5 (1991), s. 5-6 
850 |a Slovenská národná knižnica v Martine  |a MTA001 
852 |a SNK  |b KIS3GCP 
958 |a BX 
958 |a RK 
992 |a RBX 
999 |c 2220623  |d 2222553